000 00681nam a2200241Ia 4500
003 OSt
005 20220928111954.0
006 a|||||r|||| 00| 0
007 ta
008 220927b |||||||| |||| 00| 0 eng d
024 _a64216
037 _cTextual
040 _aSDCL
_cSDCL
_beng
041 _2eng
_aeng
082 _aB13,2, N0
100 _aRichards IAN
_9425726
245 0 _aTheory OF Disstributions
_bnon-technical Introducation
260 _aNew York
_b Cambridge University
_c1990
300 _aix,145p.
_ccm.
700 _a Youn Heekyung
_9425727
942 _hB13,2, N0
_cTEXL
_2CC
999 _c742751
_d742751